000
00370nam a2200121Ia 4500
008
151001s9999||||xx |||||||||||||| ||und||
100
_a
मधुसूदन कालेलकर
245
_a
हा स्वर्गसात पावलांचा
250
_a
-
260
_b
-
300
_a
122
365
_b
7
999
_c
955016
_d
955013